00338nam a2200145Ia 4500003000500000008004100005020001800046040001900064082000700083100002100090245003000111260003100141300000800172546001200180STCL181203s9999 xx 000 0 und d a9780593056974 aSTCLbENcSTCL 222 aHawking, Stephen 2aA Briefer History of Time bBantam BooksaLondonc2008 a162 aEnglish